000 00453nam a2200181Ia 4500
008 180921t2015 xxu||||| |||| 00| 0 sin d
041 _asin
080 _a8C3
_b(Youth) DIC
100 _aDickens, Charles
245 _aපාළු නිවස
246 _aBleak House
260 _bRathna
_aColombo
_c2015
300 _a57p, 21cm
700 _aKumari Gunarathne
_etr.
942 _cBK
999 _c11484
_d11484
003 LK-CoDNM
040 _aLK-CoDNM
_dLK-CoDNM
_eLK-CoDNM